| 000 | 01670nam0a22002771 4500 | ||
|---|---|---|---|
| 001 | rc\4748028 | ||
| 005 | 20260407041634.0 | ||
| 021 |
_aRU _b[68-71171] |
||
| 035 | _a(NLR Aleph) 009008584 | ||
| 090 |
_a9352847 _c9352847 |
||
| 100 | _a20130417d1968 |||y0rusy50 ca | ||
| 101 | 0 | _arus | |
| 102 | _aRU | ||
| 105 | _aa z ||||| | ||
| 200 | 1 |
_aКинематика и равномерность работы поршневых гидромоторов с регулируемым рабочим объемом _eКраткий науч. отчет _fНауч. руководитель проф. д-р техн. наук А.В. Докукин _gОтв. исполнитель канд. техн. наук А.Я. Рогов _gМ-во угольной пром-сти СССР. Ин-т горного дела им. А.А. Скочинского. Лаборатория авторегулирования и гидроэлектропривода |
|
| 210 |
_aМосква _cБ. и. _d1968 |
||
| 215 |
_a40 с. _cчерт. |
||
| 606 |
_aГидравлические двигатели, радиально-поршневые _xРасчет _2psbo |
||
| 702 | 1 |
_4570 _7ca _8rus _aДокукин _bА. В. _f1909-1984 _gАлександр Викторович _9188764 _3RU\NLR\AUTH\770188815 |
|
| 702 | 1 |
_aРогов _bА.Я. _4570 |
|
| 710 | 0 | 2 |
_aИнститут горного дела им. А.А.Скочинского _cМосква _bЛаборатория авторегулирования и гидроэлектропривода _3RU\NLR\AUTH\8810013782 _9525461 |
| 801 | 0 |
_aRU _bNLR _gpsbo |
|
| 801 | 1 |
_aRU _bELAR _2rusmarc |
|
| 852 |
_aNLR _j68-4/19284 |
||
| 942 | _cBOOK | ||
| 980 | _aNB | ||